| 000 | 01381cam a2200313 a 4500 | ||
|---|---|---|---|
| 001 | 1161479 | ||
| 005 | 20060807182114.0 | ||
| 008 | 960215s1996 enk b 001 0 eng | ||
| 010 | _a 96011345 | ||
| 020 | _a041514177X (hbk. : alk. paper) | ||
| 020 | _a0415141788 (pbk. : alk. paper) | ||
| 040 |
_aDLC _cDLC _dDLC |
||
| 043 | _ae------ | ||
| 050 | 0 | 0 |
_aHD3616.E8 _bE874 1996 |
| 082 | 0 | 0 |
_a338.94 _220 _bEUR |
| 245 | 0 | 4 |
_aThe European Union and National Industrial Policy / _cEdited by Hussein Kassim and Anand Menon. |
| 260 |
_aLondon : _bRoutledge, _cc1996. |
||
| 300 |
_ax, 300 p. ; _c24 cm. |
||
| 490 | 4 | _aThe state and the European Union series | |
| 504 | _aIncludes bibliographical references and index. | ||
| 650 | 0 |
_aIndustrial policy _zEuropean Union countries. _910797 |
|
| 650 | 0 |
_aIndustrial policy _zEuropean Union countries _xCase studies. _910798 |
|
| 700 | 1 |
_aKassim, Hussein, _d1965- _910799 |
|
| 700 | 1 |
_aMenon, Anand, _d1965- _910800 |
|
| 856 | 4 | 2 |
_3Publisher description _uhttp://www.loc.gov/catdir/enhancements/fy0649/96011345-d.html |
| 942 |
_2ddc _cBB |
||
| 999 |
_c13240 _d13240 |
||